00489nam a22001817a 450000500170000001000150001702000270003203500140005903700090007308200200008210000130010224500810011525000060019626000360020227000480023830000180028670000030030420260324153029.0 aENG-147970 c3495.00a9789395474757 aEN-131502 bDBAD a332.1095421b1 aMathew.A aCaste-Communal-Politics Nexus in Higher Education POLICY/cA.MathewhEnglish a1 aDarya GanjbSanctum Booksc2026 bDelhia68 Medical Association Road,e110002 a481pb. c24cm